[Event "SVK-ch Seniors-A"]
[Site "Tatranske Matliare"]
[Date "2009.??.??"]
[Round "6"]
[White "Vrbica, Ladislav"]
[Black "Marcek, Jan"]
[Result "1-0"]
[WhiteElo "2012"]
[BlackElo "1850"]
[PlyCount "87"]
[EventDate "2009.05.31"]
[EventType "swiss"]
[EventRounds "9"]
[EventCountry "SVK"]
[SourceTitle "EXT 2023"]
[Source "ChessBase"]
[SourceDate "2022.10.05"]
[SourceVersion "1"]
[SourceVersionDate "2022.10.05"]
[SourceQuality "1"]

1. c4 e6 2. Nf3 Nf6 3. Nc3 c6 4. e4 d6 5. Be2 Nbd7 6. d4 Qc7 7. h3 Be7 8. 0-0 0-0 9. Be3 a6 10. Rc1 c5 11. Qd2 cxd4 12. Nxd4 Nc5 13. f3 Rd8 14. Rfd1 d5 15. exd5 exd5 16. Nxd5 Nxd5 17. cxd5 Bxh3 18. f4 Bxg2 19. Kxg2 Qb6 20. Bf3 Qg6+ 21. Kf1 Ne4 22. Qg2 Ng3+ 23. Kg1 Bh4 24. Bf2 Rd6 25. Kh2 Rf6 26. Qh3 Rf8 27. Bxg3 Bxg3+ 28. Qxg3 Qh6+ 29. Qh3 Qxf4+ 30. Kg1 Rh6 31. Qf5 Rg6+ 32. Kf1 Qh2 33. Ne2 Rf6 34. Qe4 Qh3+ 35. Kf2 Qh2+ 36. Ke3 Qb8 37. Kd2 Re8 38. Qd3 Qe5 39. Rc3 Qh2 40. Rh1 Qe5 41. Qxh7+ Kf8 42. Qh8+ Ke7 43. Qxe8+ Kxe8 44. Re3 1-0

[Event "Tatry op"]
[Site "Tatranske Zruby"]
[Date "2006.09.25"]
[Round "3"]
[White "Sejkora, Vlastimil"]
[Black "Marcek, Jan"]
[Result "1-0"]
[WhiteElo "2198"]
[BlackElo "1924"]
[PlyCount "73"]
[EventDate "2006.09.23"]
[EventType "swiss"]
[EventRounds "9"]
[EventCountry "SVK"]
[SourceTitle "CBM 114 Extra"]
[Source "ChessBase"]
[SourceDate "2006.11.03"]
[SourceVersion "1"]
[SourceVersionDate "2006.11.03"]
[SourceQuality "1"]

1. e4 c5 2. Nf3 Nc6 3. Bb5 d6 4. Bxc6+ bxc6 5. d3 Qc7 6. 0-0 Bg4 7. Nbd2 g6 8. h3 Bxf3 9. Qxf3 Bg7 10. Nc4 e6 11. Bf4 e5 12. Bd2 Ne7 13. Ba5 Qd7 14. a4 0-0 15. b3 d5 16. Nd2 f5 17. Qe3 d4 18. Qe2 Rab8 19. Nc4 f4 20. Qg4 Qxg4 21. hxg4 h6 22. Bc7 Rb7 23. Bxe5 Bxe5 24. Nxe5 Kg7 25. a5 a6 26. f3 Kf6 27. Nc4 Ke6 28. Kf2 g5 29. Rh1 Rh8 30. Rae1 Ng6 31. e5 Rb5 32. Rh5 Nh4 33. g3 fxg3+ 34. Kxg3 Rbb8 35. f4 Rbf8 36. Nd6 Rxf4 37. Rxh4 1-0

[Event "Bratislava Doprastav op"]
[Site "Bratislava"]
[Date "2006.07.01"]
[Round "9"]
[White "Marcek, Jan"]
[Black "Vach, Jozef"]
[Result "0-1"]
[WhiteElo "1972"]
[BlackElo "1974"]
[PlyCount "94"]
[EventDate "2006.06.24"]
[EventType "swiss"]
[EventRounds "9"]
[EventCountry "SVK"]
[SourceTitle "EXT 2008"]
[Source "ChessBase"]
[SourceDate "2007.11.25"]
[SourceVersion "1"]
[SourceVersionDate "2007.11.25"]
[SourceQuality "1"]

1. e4 e5 2. Nf3 Nc6 3. Bc4 h6 4. c3 Nf6 5. d3 d6 6. 0-0 Be7 7. h3 Na5 8. Na3 Nxc4 9. Nxc4 Be6 10. Ne3 c6 11. Nh2 g5 12. Nf5 Bxf5 13. exf5 Qd7 14. Qf3 0-0-0 15. Be3 Kb8 16. a4 d5 17. g4 Rdg8 18. Rfd1 Qc7 19. Qg2 Bd6 20. d4 e4 21. f3 Bxh2+ 22. Qxh2 Qxh2+ 23. Kxh2 exf3 24. Kg3 h5 25. Rh1 f2 26. Bxf2 Kc7 27. Kf3 Rh7 28. Bg3+ Kd7 29. Be5 Ne4 30. Rad1 f6 31. Bg3 Rgh8 32. Rh2 Nxg3 33. Kxg3 hxg4 34. Rdh1 Rxh3+ 35. Rxh3 Rxh3+ 36. Rxh3 gxh3 37. Kxh3 Ke7 38. b3 b6 39. Kg3 Kd6 40. b4 a6 41. Kf3 Ke7 42. Kg3 Kf7 43. Kg4 Kg7 44. Kh5 Kh7 45. c4 dxc4 46. b5 axb5 47. axb5 c3 0-1

[Event "Bratislava Doprastav op"]
[Site "Bratislava"]
[Date "2006.06.27"]
[Round "5"]
[White "Marcek, Jan"]
[Black "Magyar, Frantisek"]
[Result "0-1"]
[WhiteElo "1972"]
[BlackElo "2017"]
[PlyCount "58"]
[EventDate "2006.06.24"]
[EventType "swiss"]
[EventRounds "9"]
[EventCountry "SVK"]
[SourceTitle "EXT 2008"]
[Source "ChessBase"]
[SourceDate "2007.11.25"]
[SourceVersion "1"]
[SourceVersionDate "2007.11.25"]
[SourceQuality "1"]

1. e4 c5 2. Nf3 Nc6 3. d4 cxd4 4. Nxd4 Nf6 5. Nc3 d6 6. Be2 e5 7. Nb3 Be7 8. Be3 Be6 9. 0-0 0-0 10. f3 d5 11. exd5 Nxd5 12. Nxd5 Bxd5 13. c3 b6 14. Qc2 Bd6 15. Rad1 Qc7 16. Bd3 h6 17. f4 f6 18. f5 Bf7 19. Qe2 Kh7 20. Be4 Rad8 21. Rc1 Nb8 22. Bf3 Nd7 23. Bh5 Bc4 24. Qg4 Kh8 25. Rf3 Rg8 26. Bg6 Bxb3 27. Bxh6 gxh6 28. axb3 Nc5 29. Rh3 Bf8 0-1

[Event "Bratislava Doprastav op"]
[Site "Bratislava"]
[Date "2006.06.25"]
[Round "3"]
[White "Tomcik, Leon"]
[Black "Marcek, Jan"]
[Result "1-0"]
[WhiteElo "1522"]
[BlackElo "1972"]
[PlyCount "155"]
[EventDate "2006.06.24"]
[EventType "swiss"]
[EventRounds "9"]
[EventCountry "SVK"]
[SourceTitle "EXT 2008"]
[Source "ChessBase"]
[SourceDate "2007.11.25"]
[SourceVersion "1"]
[SourceVersionDate "2007.11.25"]
[SourceQuality "1"]

1. Nf3 Nf6 2. g3 d6 3. Bg2 e5 4. d3 Be7 5. Nbd2 c6 6. c4 h6 7. 0-0 0-0 8. b3 Be6 9. c5 Nbd7 10. cxd6 Bxd6 11. Bb2 Re8 12. Nc4 Bxc4 13. bxc4 Qc7 14. Rb1 Rad8 15. Qc2 Nc5 16. d4 exd4 17. Nxd4 Bf8 18. Nf5 Nfe4 19. Bd4 g6 20. Bxc5 Nxc5 21. Ne3 Re7 22. Rfd1 Rde8 23. Rd2 Bg7 24. Rbd1 Ne6 25. Nf1 Qb6 26. e4 Bd4 27. Bh3 Ng5 28. Bg2 c5 29. Re2 Bg7 30. Nd2 Ne6 31. Nb3 a5 32. a4 Bd4 33. Rb1 Qc7 34. Qd2 b6 35. Qxh6 Bg7 36. Qd2 Rd7 37. Qc2 Be5 38. Bh3 Qc6 39. Bxe6 Qxe6 40. Nd2 Kg7 41. Nf3 Bd4 42. Qb3 Qg4 43. Rbe1 Re6 44. Kg2 Rd8 45. h3 Qh5 46. Qc2 Rh8 47. Rh1 Rhe8 48. Qd3 Rd8 49. Rhe1 Bf6 50. Qe3 Rh8 51. Rh1 Rhe8 52. Rhe1 Rxe4 53. Qd3 Rxe2 54. Rxe2 Rxe2 55. Qxe2 Qf5 56. g4 Qd7 57. g5 Bd4 58. Qe4 Qd6 59. Qh4 Kf8 60. Qe4 Kg7 61. h4 Qe6 62. Qxe6 fxe6 63. Nd2 Kf7 64. f4 Be3 65. Ne4 Bxf4 66. Kf3 Be5 67. h5 Kg7 68. Kg4 gxh5+ 69. Kxh5 Kf7 70. Kh6 Bg7+ 71. Kh7 Kf8 72. g6 Bb2 73. Ng5 Ke7 74. g7 Bxg7 75. Kxg7 e5 76. Ne4 b5 77. cxb5 c4 78. Kg6 1-0

[Event "Tatry op"]
[Site "Tatranske Zruby"]
[Date "2005.09.10"]
[Round "1"]
[White "Marcek, Jan"]
[Black "Biros, Robert"]
[Result "0-1"]
[WhiteElo "1997"]
[BlackElo "2200"]
[PlyCount "64"]
[EventDate "2005.09.10"]
[EventType "swiss"]
[EventRounds "9"]
[EventCountry "SVK"]
[SourceTitle "CBM 108 Extra"]
[Source "ChessBase"]
[SourceDate "2005.11.04"]
[SourceVersion "1"]
[SourceVersionDate "2005.11.04"]
[SourceQuality "1"]

1. e4 c5 2. Nf3 d6 3. d4 cxd4 4. Nxd4 Nf6 5. Nc3 Nc6 6. Be2 e5 7. Nb3 Be7 8. 0-0 a5 9. a4 Be6 10. Be3 d5 11. exd5 Nxd5 12. Nxd5 Bxd5 13. c3 0-0 14. Qc2 Qc7 15. Rac1 f5 16. Bc5 Bxc5 17. Nxc5 Qe7 18. Nd3 Qg5 19. Ne1 Rac8 20. Rd1 Nd4 21. Qd2 Qxd2 22. Rxd2 Nxe2+ 23. Rxe2 e4 24. Nc2 Bc4 25. Nd4 Rfd8 26. Ree1 g6 27. f3 Bxf1 28. Kxf1 Re8 29. f4 Rc4 30. Ra1 Rd8 31. Ke2 Rdxd4 32. cxd4 Rc2+ 0-1

[Event "Bratislava Slovan op"]
[Site "Bratislava"]
[Date "2004.05.08"]
[Round "9"]
[White "Richter, Erik"]
[Black "Marcek, Jan"]
[Result "1-0"]
[WhiteElo "1856"]
[BlackElo "2029"]
[PlyCount "71"]
[EventDate "2004.05.??"]
[EventType "swiss"]
[EventRounds "9"]
[EventCountry "SVK"]
[SourceTitle "EXT 2005"]
[Source "ChessBase"]
[SourceDate "2004.11.15"]
[SourceVersion "1"]
[SourceVersionDate "2004.11.15"]
[SourceQuality "1"]

1. e4 c5 2. f4 e6 3. d3 Nc6 4. Nf3 d6 5. Nc3 Be7 6. g3 b6 7. Bg2 Bb7 8. 0-0 a6 9. a4 Qc7 10. Qe1 Nf6 11. e5 dxe5 12. fxe5 Nd7 13. Bf4 Nd4 14. Nxd4 Bxg2 15. Nxe6 fxe6 16. Kxg2 0-0 17. Qe3 Rf7 18. Rf3 Raf8 19. Raf1 Qc6 20. Ne4 Qxa4 21. c3 h6 22. h4 Qc6 23. h5 b5 24. g4 Qd5 25. d4 cxd4 26. cxd4 Nb6 27. b3 a5 28. Kg3 a4 29. bxa4 Nxa4 30. Nc3 Nxc3 31. Qxc3 Bg5 32. Bxg5 Rxf3+ 33. Rxf3 Rxf3+ 34. Qxf3 hxg5 35. Qxd5 exd5 36. Kf3 1-0

[Event "Bratislava Slovan op"]
[Site "Bratislava"]
[Date "2004.05.07"]
[Round "8"]
[White "Marcek, Jan"]
[Black "Kralovic, Andrej"]
[Result "0-1"]
[WhiteElo "2029"]
[BlackElo "2183"]
[PlyCount "42"]
[EventDate "2004.05.??"]
[EventType "swiss"]
[EventRounds "9"]
[EventCountry "SVK"]
[SourceTitle "EXT 2005"]
[Source "ChessBase"]
[SourceDate "2004.11.15"]
[SourceVersion "1"]
[SourceVersionDate "2004.11.15"]
[SourceQuality "1"]

1. e4 e5 2. Nf3 Nc6 3. Bb5 a6 4. Ba4 d6 5. c3 f5 6. exf5 Bxf5 7. d3 Be7 8. 0-0 Nf6 9. Re1 Nd7 10. Be3 0-0 11. Bc2 Kh8 12. Nbd2 d5 13. Qb1 Nf6 14. Bg5 h6 15. Bh4 Nh5 16. Bxe7 Qxe7 17. Nxe5 Nxe5 18. d4 Bxc2 19. Qxc2 Qf6 20. Rf1 Ng4 21. Nf3 Nf4 0-1

[Event "Bratislava Slovan op"]
[Site "Bratislava"]
[Date "2004.05.02"]
[Round "2"]
[White "Marcek, Jan"]
[Black "Dinzik, Jan"]
[Result "1-0"]
[WhiteElo "2029"]
[BlackElo "1789"]
[PlyCount "107"]
[EventDate "2004.05.??"]
[EventType "swiss"]
[EventRounds "9"]
[EventCountry "SVK"]
[SourceTitle "EXT 2005"]
[Source "ChessBase"]
[SourceDate "2004.11.15"]
[SourceVersion "1"]
[SourceVersionDate "2004.11.15"]
[SourceQuality "1"]

1. d4 d5 2. c4 dxc4 3. e3 b5 4. a4 Qd5 5. Nc3 Qb7 6. Nxb5 a6 7. Nc3 e6 8. Nf3 Qb4 9. Qe2 Bb7 10. Qxc4 c5 11. b3 Nd7 12. Ba3 Qxc4 13. bxc4 Ngf6 14. Be2 cxd4 15. exd4 Bxa3 16. Rxa3 Rc8 17. 0-0 Bxf3 18. gxf3 Nb6 19. c5 Nbd5 20. Nxd5 Nxd5 21. Bxa6 Rc7 22. Bb5+ Ke7 23. Kg2 Rd8 24. Kg3 g5 25. Rd3 f5 26. Re1 h5 27. h3 Nf4 28. Rdd1 Kf6 29. a5 Rb7 30. Bf1 Rb2 31. h4 Nd5 32. hxg5+ Kxg5 33. Re2 h4+ 34. Kh2 Rxe2 35. Bxe2 Nc3 36. Rd2 e5 37. d5 Nxe2 38. Rxe2 Rxd5 39. Rc2 Kf4 40. a6 Rd7 41. c6 Rc7 42. a7 Rxa7 43. c7 Rxc7 44. Rxc7 Kxf3 45. Kg1 h3 46. Rc3+ Kg4 47. Kh2 f4 48. Rxh3 e4 49. Rc3 Kf5 50. Kh3 Ke5 51. Kg4 Kd4 52. Ra3 e3 53. fxe3+ fxe3 54. Kf3 1-0

[Event "Bratislava Slovan op"]
[Site "Bratislava"]
[Date "2004.05.02"]
[Round "3"]
[White "Michalko, Peter"]
[Black "Marcek, Jan"]
[Result "0-1"]
[WhiteElo "1361"]
[BlackElo "2029"]
[PlyCount "54"]
[EventDate "2004.05.??"]
[EventType "swiss"]
[EventRounds "9"]
[EventCountry "SVK"]
[SourceTitle "EXT 2005"]
[Source "ChessBase"]
[SourceDate "2004.11.15"]
[SourceVersion "1"]
[SourceVersionDate "2004.11.15"]
[SourceQuality "1"]

1. e4 c5 2. Nf3 e6 3. d4 cxd4 4. Nxd4 d6 5. Nc3 a6 6. Be3 Bd7 7. Be2 Be7 8. 0-0 Nf6 9. f4 Nc6 10. Bf3 0-0 11. Qe2 Rc8 12. Kh1 Qc7 13. g4 Nxd4 14. Bxd4 e5 15. fxe5 dxe5 16. Be3 Be6 17. Rg1 b5 18. a3 Bc5 19. g5 Ne8 20. Rac1 Nd6 21. Qf2 Bxe3 22. Qxe3 Nc4 23. Qf2 Nxb2 24. Ne2 Nc4 25. Qh4 Nd2 26. g6 fxg6 27. Rxg6 hxg6 0-1

[Event "Tatry op"]
[Site "Tatranske Zruby"]
[Date "2003.09.27"]
[Round "1"]
[White "Marcek, Jan"]
[Black "Motuz, Karol"]
[Result "0-1"]
[WhiteElo "2043"]
[BlackElo "2366"]
[PlyCount "72"]
[EventDate "2003.09.27"]
[EventType "swiss"]
[EventRounds "9"]
[EventCountry "SVK"]
[SourceTitle "CBM 096 Extra"]
[Source "ChessBase"]
[SourceDate "2003.10.22"]
[SourceVersion "2"]
[SourceVersionDate "2003.10.20"]
[SourceQuality "1"]

1. e4 c5 2. Nf3 d6 3. d4 cxd4 4. Nxd4 Nf6 5. Nc3 a6 6. Be2 e6 7. 0-0 Be7 8. Be3 0-0 9. a3 Qc7 10. f4 b5 11. Kh1 Bb7 12. Bf3 Nbd7 13. Bg1 Rfe8 14. Re1 e5 15. Nde2 Nc5 16. Bxc5 dxc5 17. fxe5 Qxe5 18. Ng3 Rad8 19. Qc1 Bd6 20. Qe3 h5 21. Rad1 b4 22. axb4 cxb4 23. Na4 h4 24. Nf1 h3 25. Ng3 hxg2+ 26. Kxg2 g5 27. Kh1 g4 28. Qg1 Qg5 29. Bg2 Bxg3 30. Rxd8 Rxd8 31. hxg3 Rd2 32. Qb6 Bxe4 33. Bxe4 Qh5+ 34. Kg1 Qh2+ 35. Kf1 Qh3+ 36. Kg1 Nxe4 0-1

[Event "Bratislava-ch"]
[Site "Bratislava"]
[Date "2003.04.12"]
[Round "8"]
[White "Marcek, Jan"]
[Black "Kassovic, Jaroslav"]
[Result "1-0"]
[WhiteElo "1826"]
[BlackElo "1578"]
[PlyCount "135"]
[EventDate "2003.03.??"]
[EventType "swiss"]
[EventRounds "9"]
[EventCountry "SVK"]
[SourceTitle "EXT 2006"]
[Source "ChessBase"]
[SourceDate "2005.11.24"]
[SourceVersion "1"]
[SourceVersionDate "2005.11.24"]
[SourceQuality "1"]

1. d4 d5 2. c4 e6 3. Nf3 Nf6 4. e3 c5 5. Nc3 Be7 6. Be2 0-0 7. 0-0 b6 8. cxd5 cxd4 9. exd4 exd5 10. Bf4 Nc6 11. a3 Bd6 12. Bxd6 Qxd6 13. Nb5 Qd7 14. Qd3 Ba6 15. Ne5 Nxe5 16. dxe5 Ne4 17. Rad1 Nc5 18. Qxd5 Bxb5 19. Bxb5 Qxb5 20. b4 Rac8 21. bxc5 Rxc5 22. Qd7 Qxd7 23. Rxd7 Ra5 24. Ra1 Rc8 25. f4 Kf8 26. f5 Rxe5 27. Rxa7 Rxf5 28. Rb7 Rc2 29. Rb8+ Ke7 30. Rf1 Rxf1+ 31. Kxf1 Rb2 32. a4 Ra2 33. Rxb6 Rxa4 34. Rb7+ Kf6 35. Rb6+ Kg5 36. g3 Ra2 37. Kg1 f5 38. Rb5 Re2 39. Rb7 Kf6 40. Rb6+ Re6 41. Rb7 h6 42. Kf2 g6 43. Rh7 Kg5 44. h3 h5 45. Rh8 f4 46. gxf4+ Kxf4 47. Rf8+ Kg5 48. Rf3 Rf6 49. h4+ Kxh4 50. Rxf6 g5 51. Rg6 Kg4 52. Rf6 Kh3 53. Rf3+ Kh4 54. Kg2 Kg4 55. Rg3+ Kh4 56. Rh3+ Kg4 57. Rg3+ Kh4 58. Kh2 g4 59. Rc3 Kg5 60. Rc5+ Kh4 61. Kg2 g3 62. Rc3 Kg4 63. Rxg3+ Kh4 64. Ra3 Kg4 65. Ra4+ Kg5 66. Kh3 Kh6 67. Ra5 Kg6 68. Kh4 1-0

[Event "Bratislava-ch"]
[Site "Bratislava"]
[Date "2003.04.08"]
[Round "6"]
[White "Marcek, Jan"]
[Black "Rufus, P."]
[Result "1/2-1/2"]
[WhiteElo "1826"]
[BlackElo "1350"]
[PlyCount "130"]
[EventDate "2003.03.??"]
[EventType "swiss"]
[EventRounds "9"]
[EventCountry "SVK"]
[SourceTitle "EXT 2006"]
[Source "ChessBase"]
[SourceDate "2005.11.24"]
[SourceVersion "1"]
[SourceVersionDate "2005.11.24"]
[SourceQuality "1"]

1. e4 e5 2. Nf3 Nc6 3. Bc4 Bc5 4. c3 Nf6 5. d3 d6 6. 0-0 Bg4 7. Nbd2 0-0 8. b4 Bb6 9. Qb3 Ne7 10. a4 c6 11. a5 Bc7 12. h3 Bxf3 13. Nxf3 d5 14. exd5 cxd5 15. Bb5 a6 16. Ba4 e4 17. dxe4 dxe4 18. Nd4 Qd6 19. g3 Nh5 20. Kg2 Nxg3 21. Rg1 Ng6 22. fxg3 Qxg3+ 23. Kf1 Qd3+ 24. Kf2 Nf4 25. Bxf4 Bxf4 26. Rae1 Qxh3 27. Qc2 e3+ 28. Ke2 Qh5+ 29. Nf3 Rad8 30. Rh1 Rd2+ 31. Qxd2 exd2 32. Rxh5 dxe1Q+ 33. Kxe1 Bg3+ 34. Ke2 Rc8 35. Rc5 Rxc5 36. bxc5 Bc7 37. c6 bxc6 38. Bxc6 Bxa5 39. c4 Bb6 40. Bd5 Kf8 41. Ne5 Ke7 42. Nxf7 Kf6 43. Kf3 a5 44. Nd6 h6 45. Bc6 g5 46. Kg4 Kg6 47. Be8+ Kf6 48. Nf5 h5+ 49. Bxh5 a4 50. Nd6 a3 51. Ne4+ Ke7 52. Nc3 Bc5 53. Kxg5 Be3+ 54. Kf5 Kd6 55. Ke4 Bc5 56. Kd3 Bg1 57. Nb5+ Kc5 58. Nxa3 Kb6 59. Nb5 Kc5 60. Bf7 Kc6 61. Nd4+ Kc5 62. Ne6+ Kb6 63. Ke4 Kc6 64. Nf4 Kd6 65. Bd5 Kd7 1/2-1/2